| 000 | | | 05714cbc2a2200193#x 450 |
| 001 | | | 13d4a1bf-ec59-42aa-88e4-3ffd6b90d20e |
| 005 | | | 20181120160440.0 |
| 100 | ## | $a | 20120404l19231924k y0rusy0102 ca |
| 101 | 0# | $a | rus |
| 102 | ## | $a | RU |
| 122 | 2# | $a | d1923###### |
| | $a | d1924###### |
| 122 | 2# | $a | d1910###### |
| | $a | d1911###### |
| 200 | 1# | $a | Дело об установлении границ между Нижегородской губернией и Чувашской автономной областью с приложением документов за 1910-1911 годы |
| | $j | 1923-1924 |
| 251 | ## | $c | Дело |
| 215 | ## | $a | 406 листов |
| 225 | 0# | $a | Фонд Комиссия Всероссийского Центрального Исполнительного Комитета по районированию РСФСР |
| | $h | Опись № 1 |
| 801 | #0 | $a | RU |
| | $b | НПО Опыт |
| | $c | 20120404 |
| 801 | #1 | $a | RU |
| | $b | НПО Опыт |
| | $c | 20120404 |
| | $2 | rusmarc |
| 801 | #2 | $a | RU |
| | $b | ПБ им. Б.Н. Ельцина |
| | $c | 20150319 |
| | $g | RCR |
| | $2 | rusmarc |
| 850 | ## | $a | Государственный архив Российской Федерации |
| 852 | ## | $a | ГА РФ |
| | $j | 62 |
| 937 | ## | $d | 21201051 |
| | $h | ПБ |
| 035 | ## | $a | RuPRLIB698401062 |
| 617 | ## | $2 | prlib_sh |
| | $c | Нижегородская губерния |
| 617 | ## | $c | Нижегородская область |
| | $2 | prlib_sh |
| 617 | ## | $c | Чувашская автономная область |
| | $2 | prlib_sh |
| 617 | ## | $2 | prlib_sh |
| | $b | Чувашская Республика |
| 605 | ## | $2 | acquisition_Prlib |
| | $3 | DITM\AF\0000004675 |
| | $a | Территория |
| | $l | коллекция |
| 605 | ## | $a | Нижегородская область: страницы истории |
| | $l | коллекция |
| | $2 | acquisition_Prlib |
| | $3 | LIBNET\UAF\0000040013 |
| 605 | ## | $a | Территория России: Нижегородская область |
| | $l | коллекция |
| | $2 | acquisition_Prlib |
| | $3 | LIBNET\UAF\0000040015 |
| 605 | ## | $a | Территория России: Чувашская Республика |
| | $l | коллекция |
| | $2 | acquisition_Prlib |
| | $3 | LIBNET\UAF\0000062047 |
| 686 | ## | $2 | rubbk |
| | $a | 63.3(28-8Ниж)61ю1 |
| | $v | LBC/M |
| 686 | ## | $a | 63.3(2Рос.Чув)61ю1 |
| | $v | LBC/M |
| | $2 | rubbk |
| 607 | ## | $2 | prlib_sh |
| | $3 | LIBNET\UAF\0000062649 |
| | $a | СССР |
| | $j | Документы и материалы |
| | $x | Административно-территориальное деление |
| | $y | Европейская часть |
| 461 | #0 | $1 | 0016f50a27a-d07e-49f0-b882-8a2e5556933e |
| | $1 | 2001 |
| | $a | Комиссия Всероссийского Центрального Исполнительного Комитета по районированию РСФСР |
| | $1 | 251 |
| | $c | Фонд |
| | $1 | 852 |
| | $g | Р |
| | $j | 6984 |
| 462 | #0 | $1 | 001c38defe5-89b7-4345-aa6b-d8549404cf14 |
| | $1 | 2001 |
| | $a | Комиссия ВЦИК по районированию РСФСР. 1921-1927 гг. |
| | $v | Д. 62 |
| | $1 | 251 |
| | $c | Опись |
| | $1 | 852 |
| | $j | 1 |